000 00443nam a2200181Ia 4500
001 8537
005 20260306160616.0
008 260306t2006||||xx |||||||||||||| ||spa||
041 _aESP
082 _a371.102
_bLL713
100 _aLLaca Gaviño, Pedro Luis
_eAUT
245 0 _aHerramientas y soluciones para docentes
260 _c2006
300 _a800 páginas :
_c26 cm.
650 _aGEN
654 _aCED
942 _cLIB
_dJUS
_fJUS
_2ddc
_n
999 _c8537
_d8537